Olejkár ; Od Silvestra do Troch kráľov (Record no. 20464)
[ view plain ]
| 000 -LEADER | |
|---|---|
| fixed length control field | 01347nam a2200421 a 4500 |
| 001 - CONTROL NUMBER | |
| control field | 20464 |
| 003 - CONTROL NUMBER IDENTIFIER | |
| control field | VRT |
| 005 - DATE AND TIME OF LATEST TRANSACTION | |
| control field | 20260122143632.0 |
| 008 - FIXED-LENGTH DATA ELEMENTS--GENERAL INFORMATION | |
| fixed length control field | 000816q1995 xo g p 000 1 slo d |
| 020 ## - INTERNATIONAL STANDARD BOOK NUMBER | |
| International Standard Book Number | 8088834392 (brož.) |
| 035 ## - SYSTEM CONTROL NUMBER | |
| System control number | UKB000210368 |
| 039 #9 - LEVEL OF BIBLIOGRAPHIC CONTROL AND CODING DETAIL [OBSOLETE] | |
| Level of rules in bibliographic description | 202401160915 |
| Level of effort used to assign nonsubject heading access points | fuskovaz |
| Level of effort used to assign subject headings | 202203091045 |
| Level of effort used to assign classification | gluc |
| 040 ## - CATALOGING SOURCE | |
| Original cataloging agency | BAA001 |
| Language of cataloging | slo |
| Transcribing agency | BAA001 |
| Description conventions | AACR2 |
| 041 0# - LANGUAGE CODE | |
| Language code of text/sound track or separate title | slo |
| 044 ## - COUNTRY OF PUBLISHING/PRODUCING ENTITY CODE | |
| MARC country code | xo |
| ISO country code | SK |
| 080 ## - UNIVERSAL DECIMAL CLASSIFICATION NUMBER | |
| Universal Decimal Classification number | 885.4-31 |
| 100 1# - MAIN ENTRY--PERSONAL NAME | |
| Personal name | Hurban, Jozef Miloslav, |
| Dates associated with a name | 1817-1888 |
| 243 10 - COLLECTIVE UNIFORM TITLE | |
| Uniform title | <a href="Slovenská romantická próza">Slovenská romantická próza</a> |
| 245 10 - TITLE STATEMENT | |
| Title | Olejkár ; Od Silvestra do Troch kráľov |
| Statement of responsibility, etc. | Jozef Miloslav Hurban |
| 260 ## - PUBLICATION, DISTRIBUTION, ETC. | |
| Place of publication, distribution, etc. | Rohovce |
| Name of publisher, distributor, etc. | Interpopulart Slovakia |
| Date of publication, distribution, etc. | [1995] |
| 300 ## - PHYSICAL DESCRIPTION | |
| Extent | 127 s. |
| 490 1# - SERIES STATEMENT | |
| Series statement | Populart. Študentská knižnica |
| Volume/sequential designation | 40 |
| 500 ## - GENERAL NOTE | |
| General note | Slovenská romantická próza |
| 500 ## - GENERAL NOTE | |
| General note | Dokument obsahuje 2 diela |
| 504 ## - BIBLIOGRAPHY, ETC. NOTE | |
| Bibliography, etc. note | Bibliogr. s. 126 |
| 530 ## - ADDITIONAL PHYSICAL FORM AVAILABLE NOTE | |
| Additional physical form available note | Dostupný aj zvukový záznam |
| 650 07 - SUBJECT ADDED ENTRY--TOPICAL TERM | |
| Topical term or geographic name entry element | literatúra slovenská romantická |
| 650 07 - SUBJECT ADDED ENTRY--TOPICAL TERM | |
| Topical term or geographic name entry element | romány |
| 653 ## - INDEX TERM--UNCONTROLLED | |
| Uncontrolled term | 885.4-31 |
| 740 02 - ADDED ENTRY--UNCONTROLLED RELATED/ANALYTICAL TITLE | |
| Uncontrolled related/analytical title | Od Silvestra do Troch kráľov |
| 776 0# - ADDITIONAL PHYSICAL FORM ENTRY | |
| Title | Od Silvestra do Troch kráľov |
| Relationship information | [zvukový záznam] |
| 830 #0 - SERIES ADDED ENTRY--UNIFORM TITLE | |
| Uniform title | Populart. Študentská knižnica |
| 910 ## - USER-OPTION DATA (OCLC) | |
| User-option data | ukb |
| 942 ## - ADDED ENTRY ELEMENTS (KOHA) | |
| Source of classification or shelving scheme | Dewey Decimal Classification |
| Koha item type | Krásna literatúra pre dospelých |
| Suppress in OPAC | No |
| 949 ## - LOCAL PROCESSING INFORMATION (OCLC) | |
| 6 | 1800009242 |
| a | 30.D.66692 |
| b | PV.5699-96 |
| 949 ## - LOCAL PROCESSING INFORMATION (OCLC) | |
| 6 | 1800009241 |
| a | SL.D.24715 |
| b | PV.5700-96 |
| 949 ## - LOCAL PROCESSING INFORMATION (OCLC) | |
| 6 | 1800065050 |
| a | 30.D.66692 |
| b | NA.250-99 |
| Stav vyradenia | Strata | Poškodenie | Spôsob nadobudnutia | Domovská knižnica | Aktuálna knižnica | Dátum nadobudnutia | Total checkouts | Čiarový kód exemplára | Date last seen | Typ exemplára |
|---|---|---|---|---|---|---|---|---|---|---|
| Dar | Obecná knižnica Horná Štubňa | Obecná knižnica Horná Štubňa | 22.01.2026 | 8088834392 | 22.01.2026 | Krásna literatúra pre dospelých |
